000 01389nam a2200325 a 4500
001 BRCA_2857
005 20190320204013.0
008 101208s1831----gw-#---###---#000-0#ger-u
041 _ager
044 _agw
084 _a276
_b.R45
_c1831
100 1 _aCervantes Saavedra, Miguel de
_d1547-1616
_9213
245 1 0 _aLenen und Thaten des scharfsinnigen Edlen Don Quixote von la Mancha
_cvon Miguel de Cervantes Saavedra
260 _aBerlin
_bG. Reimer
_c1831
300 _a2 v.
_c19 cm.
500 _aContenido : v 1. Primera parte. Dedicatoria del autor. Prólogo del autor. Versos preliminares. Texto. -- v 2. Segunda parte. Dedicatoria del autor. Prólogo del autor. Texto
500 _aEdición : Übers von Ludwig Tieck
500 _aTercera edición de la traducción de L. Tieck, revisada y mejorada Lúdovik Osterc
500 _aEstado físico : El volúmen 2 se encuentra con la encuadernación desprendida
500 _aQM511
546 _aTexto en : alemán
650 1 4 _aNovela española
_yÉpoca clásica, 1500-1700
_9215
650 1 4 _aLiteratura española
_yÉpoca clásica, 1500-1700
_9216
650 1 4 _aNovela española
_ySiglo XVII
_9217
650 1 4 _aDon Quijote (Personaje ficticio)
_eNovela
_9218
700 1 _aTieck, Johann Ludwig
_d1773-1853
_eTraductor
_97985
740 0 _aEl Ingenioso Hidalgo Don Quijote de la Mancha
902 _aQFM
942 _2lcc
_cB
999 _c2596
_d2596